[Event "6th Sharjah Masters 2023"]
[Site "Sharjah UAE"]
[Date "2023.05.25"]
[Round "9.28"]
[White "Yoo, Christopher Woojin"]
[Black "Puranik, A."]
[Result "1/2-1/2"]
[WhiteElo "2607"]
[BlackElo "2613"]
[PlyCount "188"]
[EventDate "2023.05.17"]

1. Nf3 Nf6 2. c4 c5 3. Nc3 e6 4. g3 d5 5. cxd5 exd5 6. d4 Nc6 7. Bg2 cxd4 8. Nxd4 Bc5 9. Nb3 Bb6 10. O-O d4 11. Na4 O-O 12. Bg5 h6 13. Nxb6 axb6 14. Bxf6 Qxf6 15. Bxc6 bxc6 16. Qxd4 Rd8 17. Qxf6 gxf6 18. Rfc1 ({RR} 18. Rad1 Rxd1 19. Rxd1 Be6 20. Nc1 Bxa2 21. Nxa2 Rxa2 22. Rd6 Rxb2 23. Rxc6 Rxe2 24. Rxb6 Kg7 25. Kg2 Re5 26. h4 Re7 27. Ra6 Re5 28. Rb6 Re7 29. Rc6 Re5 30. Ra6 Re7 {½-½ (30) Zarubitski,V (2417)-Ponkratov,P (2570) Orsha BLR 2026}) ({RR} 18. Rad1 Rxd1 19. Rxd1 Be6 20. Nc1 Bxa2 21. Nxa2 Rxa2 22. Rd6 Rxb2 23. Rxc6 Rxe2 24. Rxb6 Kg7 25. Kg2 Re5 26. h4 Re7 27. Ra6 Re5 28. Rb6 Re7 29. Rc6 Re5 30. Ra6 Re7 {½-½ (30) Zarubitski,V (2417)-Ponkratov,P (2570) Orsha BLR 2026}) 18... c5 $146 ({RR} 18... Be6 19. Rc3 c5 20. e3 Ra4 21. a3 Rc4 22. Rac1 Rxc3 23. Rxc3 Rd1+ 24. Kg2 Rb1 25. Nd2 Rxb2 26. Nc4 Bxc4 {½-½ (26) Bendezu Yupanqui,A (1822)-Levano Loayza,A (1980) Cusco PER 2025}) ({RR} 18... Be6 19. Kf1 Ra4 20. Ke1 Rda8 21. Rc3 Rxa2 22. Rxa2 Rxa2 23. Nc1 Rxb2 24. Rxc6 b5 25. Nd3 Rb1+ 26. Rc1 Rxc1+ 27. Nxc1 Bc4 28. Kd2 f5 29. Nd3 Kg7 30. Kc3 Kf6 31. Kd4 Ke6 32. Nf4+ Kd6 33. h4 {So,W (2747)-Firouzja,A (2763) New York USA 2024 ½-½ (55)}) ({RR} 18... Be6 19. Rc3 c5 20. e3 Ra4 21. a3 Rc4 22. Rac1 Rxc3 23. Rxc3 Rd1+ 24. Kg2 Rb1 25. Nd2 Rxb2 26. Nc4 Bxc4 {½-½ (26) Bendezu Yupanqui,A (1822)-Levano Loayza,A (1980) Cusco PER 2025}) ({RR} 18... Be6 19. Kf1 Ra4 20. Ke1 Rda8 21. Rc3 Rxa2 22. Rxa2 Rxa2 23. Nc1 Rxb2 24. Rxc6 b5 25. Nd3 Rb1+ 26. Rc1 Rxc1+ 27. Nxc1 Bc4 28. Kd2 f5 29. Nd3 Kg7 30. Kc3 Kf6 31. Kd4 Ke6 32. Nf4+ Kd6 33. h4 {So,W (2747)-Firouzja,A (2763) New York USA 2024 ½-½ (55)}) 19. Kf1 Ra4 20. Ke1 Rb4 21. Nd2 Rxb2 22. Nc4 Rb5 23. a4 Rb4 24. a5 bxa5 25. Rxa5 Be6 26. Ne3 c4 27. Rc5 Rb2 28. Nxc4 Bxc4 29. R5xc4 Rdd2 30. Rg4+ Kh7 31. Re4 Rbc2 32. Rxc2 Rxc2 33. Rf4 Kg7 34. Rg4+ Kf8 35. Kf1 Ra2 36. Rf4 Kg7 37. g4 Rb2 38. e3 Ra2 39. Kg2 Rb2 40. Ra4 Rc2 41. Kg3 Re2 42. Ra6 Rb2 43. h4 Rc2 44. Ra7 Re2 45. Ra8 Rb2 46. f4 Rb1 47. Kf3 Rh1 48. h5 Rh3+ 49. Kf2 Rh2+ 50. Kg3 Rb2 51. Kf3 Rb5 52. Rd8 Ra5 53. Ke4 Ra4+ 54. Rd4 Ra3 55. Rd5 Rb3 56. Rd3 Rb1 57. Rd5 Rb3 58. Ra5 Rc3 59. Ra2 Rb3 60. Re2 Rb1 61. Kf3 Rf1+ 62. Kg2 Ra1 63. e4 Ra3 64. Kf2 Ra1 65. e5 fxe5 66. Rxe5 Ra3 67. Kg2 Rb3 68. g5 hxg5 69. fxg5 f6 70. Re7+ Kf8 71. gxf6 Rb6 72. h6 Rxf6 73. h7 Rg6+ 74. Kf3 Rh6 75. Ra7 Rh1 76. Kf4 Rf1+ 77. Ke3 Re1+ 78. Kd4 Rd1+ 79. Ke4 Re1+ 80. Kf5 Rf1+ 81. Kg4 Rg1+ 82. Kf3 Rh1 83. Kf2 Rh2+ 84. Kg1 Rh6 85. Kg2 Rh5 86. Rb7 Rh6 87. Kg3 Rh1 88. Kf4 Rf1+ 89. Ke3 Re1+ 90. Kd3 Rd1+ 91. Kc2 Rh1 92. Rb8+ Kg7 93. h8=Q+ Rxh8 94. Rxh8 Kxh8 1/2-1/2

[Event "Global Chess League 2023"]
[Site "Dubai UAE"]
[Date "2023.06.22"]
[Round "1.3"]
[White "Wei Yi"]
[Black "Vidit, S."]
[Result "1-0"]
[WhiteElo "2722"]
[BlackElo "2712"]
[PlyCount "83"]
[EventDate "2023.06.22"]
[WhiteTeam "Triveni Continental Kings"]
[BlackTeam "Upgrad mumba masters"]

1. d4 d5 2. c4 e6 3. Nc3 c5 4. cxd5 exd5 5. Nf3 Nf6 6. e3 Nc6 7. Be2 cxd4 8. Nxd4 Bc5 9. O-O O-O 10. Nxc6 bxc6 11. b3 Re8 ({RR} 11... Bd6 12. Bb2 Qe7 13. Na4 Re8 14. Rc1 Bd7 15. Bf3 Ne4 16. Bxe4 Qxe4 17. Nc5 Bxc5 18. Rxc5 Qg6 19. Qf3 Re4 20. h3 a5 21. Bd4 h5 22. Rfc1 a4 23. b4 Rae8 24. a3 Rh4 25. Kh1 Ree4 26. b5 {Ambartsumova,K (2385)-Vakhlamov,I (2413) chess.com INT 2026 0-1 (40)}) ({RR} 11... Bd6 12. Bb2 Qe7 13. Na4 Re8 14. Rc1 Bd7 15. Bf3 Ne4 16. Bxe4 Qxe4 17. Nc5 Bxc5 18. Rxc5 Qg6 19. Qf3 Re4 20. h3 a5 21. Bd4 h5 22. Rfc1 a4 23. b4 Rae8 24. a3 Rh4 25. Kh1 Ree4 26. b5 {Ambartsumova,K (2385)-Vakhlamov,I (2413) chess.com INT 2026 0-1 (40)}) 12. Bb2 Bd6 13. Rc1 Bc7 $146 ({RR} 13... h5 14. Na4 Ng4 15. h3 Nh2 16. Re1 Qg5 17. Kh1 Ng4 18. Rf1 Nxe3 19. fxe3 Qg3 20. Kg1 Qh2+ 21. Kf2 Bg3+ 22. Kf3 Bh4 {0-1 (22) Rouler,C (2326)-Saucey,M (2348) Pau 2008}) ({RR} 13... h5 14. Na4 Ng4 15. h3 Nh2 16. Re1 Qg5 17. Kh1 Ng4 18. Rf1 Nxe3 19. fxe3 Qg3 20. Kg1 Qh2+ 21. Kf2 Bg3+ 22. Kf3 Bh4 {0-1 (22) Rouler,C (2326)-Saucey,M (2348) Pau 2008}) 14. Ba3 Bf5 15. Na4 Qd7 16. Nc5 Qd6 17. g3 Bh3 18. Re1 Ba5 19. b4 Bb6 20. Bb2 Rab8 21. Bd4 Qe7 22. Bd3 h6 23. Qf3 Ne4 24. a3 Bxc5 25. Bxc5 Qe6 26. Qe2 Rb7 27. Bd4 Ng5 28. f3 Bf5 29. Ba6 Rd7 30. h4 Nh3+ 31. Kg2 h5 32. Bd3 g5 33. Rxc6 Qxc6 34. Bxf5 Rc7 35. Kxh3 Qa4 36. hxg5 Rc4 37. f4 Rxd4 38. Qxh5 Rd2 39. Qh7+ Kf8 40. Qh6+ Ke7 41. Qf6+ Kf8 42. g6 1-0

[Event "TCh-CHN DivA Regular"]
[Site "Fuling CHN"]
[Date "2023.06.11"]
[Round "6.5"]
[White "Xu, Xiangyu"]
[Black "Ni Hua"]
[Result "1/2-1/2"]
[WhiteElo "2603"]
[BlackElo "2669"]
[PlyCount "75"]
[EventDate "2023.06.05"]
[WhiteTeam "Chengdu"]
[BlackTeam "Shanghai"]

1. d4 d5 2. c4 e6 3. Nc3 c5 4. cxd5 exd5 5. Nf3 Nc6 6. g3 Nf6 7. Bg2 cxd4 8. Nxd4 Bc5 9. Nb3 Bb6 10. O-O d4 11. Na4 O-O 12. Bg5 h6 13. Bxf6 Qxf6 14. Nxb6 axb6 15. Bxc6 bxc6 16. Qxd4 Rd8 17. Qxf6 gxf6 18. Rfd1 Rxd1+ 19. Rxd1 Be6 20. Nc1 Bxa2 21. Nxa2 Rxa2 22. Rd6 Kg7 23. Rxc6 Rxb2 24. Kg2 Rxe2 25. Rxb6 Ra2 ({RR} 25... Re5 26. h4 Re7 27. Ra6 Re5 28. Rb6 Re7 29. Rc6 Re5 30. Ra6 Re7 {½-½ (30) Zarubitski,V (2417)-Ponkratov,P (2570) Orsha BLR 2026}) ({RR} 25... Re5 26. h4 Re7 27. Ra6 Re5 28. Rb6 Re7 29. Rc6 Re5 30. Ra6 Re7 {½-½ (30) Zarubitski,V (2417)-Ponkratov,P (2570) Orsha BLR 2026}) 26. h3 $146 ({RR} 26. Rb7 Rc2 {½-½ (30) Simacek,P (2466)-Kraus,T (2474) Bystrice nad Pernstejnem CZE 2023}) ({RR} 26. Rb7 Rc2 {½-½ (30) Simacek,P (2466)-Kraus,T (2474) Bystrice nad Pernstejnem CZE 2023}) 26... Ra3 27. g4 Rc3 28. h4 Ra3 29. Rb5 Rc3 30. f4 Ra3 31. h5 Rc3 32. g5 fxg5 33. fxg5 hxg5 34. Rxg5+ Kh6 35. Rf5 Ra3 36. Rxf7 Kxh5 37. Rf3 Rxf3 38. Kxf3 1/2-1/2

[Event "Titled Tue 4th Jul Early"]
[Site "chess.com INT"]
[Date "2023.07.04"]
[Round "8"]
[White "Sarana, A."]
[Black "Mamedov, Rau"]
[Result "1/2-1/2"]
[WhiteElo "2685"]
[BlackElo "2636"]
[PlyCount "155"]
[EventDate "2023.07.04"]

1. d4 d5 2. c4 e6 3. Nc3 c5 4. cxd5 exd5 5. Nf3 Nc6 6. dxc5 d4 7. Na4 Bxc5 8. Nxc5 Qa5+ 9. Qd2 Qxc5 10. e3 dxe3 11. Qxe3+ Qxe3+ 12. Bxe3 Nf6 ({RR} 12... Nge7 13. Bc4 O-O 14. O-O h6 15. Rfe1 Rd8 16. h3 Nd5 17. Bd2 Be6 18. Rac1 Nc7 19. Bf4 Bxc4 20. Bxc7 Rd7 21. Rxc4 Rxc7 22. Nd4 Rd8 23. Nxc6 Rxc6 24. Rxc6 bxc6 25. Re2 Rd1+ 26. Kh2 Kf8 27. g4 {Aronian,L (2737)-Duda,J (2725) Saint Louis 2025 ½-½ (39)}) ({RR} 12... Nge7 13. Bc4 O-O 14. O-O Bg4 15. Nd4 Nxd4 16. Bxd4 Rfd8 17. Be3 Nf5 18. Bg5 Rd4 19. Rac1 h6 20. Be3 Nxe3 21. Bxf7+ Kh8 22. fxe3 Rd7 23. h3 Be2 24. Rf2 Bb5 25. e4 Bc6 26. e5 Re7 27. Re1 {Roshka,Y (2497)-Janous,M (2291) Ceske Budejovice CZE 2026 1-0 (44)}) ({RR} 12... Nge7 13. Bc4 O-O 14. O-O Bg4 15. Nh4 Rfd8 16. h3 Be6 17. Bxe6 fxe6 18. Rfd1 {½-½ (18) Fedoseev,V (2705)-Mamedov,R (2645) Stepanakert ARM 2025}) ({RR} 12... Nge7 13. Bc4 O-O 14. O-O h6 15. Rfe1 Rd8 16. h3 Nd5 17. Bd2 Be6 18. Rac1 Nc7 19. Bf4 Bxc4 20. Bxc7 Rd7 21. Rxc4 Rxc7 22. Nd4 Rd8 23. Nxc6 Rxc6 24. Rxc6 bxc6 25. Re2 Rd1+ 26. Kh2 Kf8 27. g4 {Aronian,L (2737)-Duda,J (2725) Saint Louis 2025 ½-½ (39)}) ({RR} 12... Nge7 13. Bc4 O-O 14. O-O Bg4 15. Nd4 Nxd4 16. Bxd4 Rfd8 17. Be3 Nf5 18. Bg5 Rd4 19. Rac1 h6 20. Be3 Nxe3 21. Bxf7+ Kh8 22. fxe3 Rd7 23. h3 Be2 24. Rf2 Bb5 25. e4 Bc6 26. e5 Re7 27. Re1 {Roshka,Y (2497)-Janous,M (2291) Ceske Budejovice CZE 2026 1-0 (44)}) ({RR} 12... Nge7 13. Bc4 O-O 14. O-O Bg4 15. Nh4 Rfd8 16. h3 Be6 17. Bxe6 fxe6 18. Rfd1 {½-½ (18) Fedoseev,V (2705)-Mamedov,R (2645) Stepanakert ARM 2025}) 13. Bb5 Be6 $146 ({RR} 13... Bd7 14. O-O O-O 15. h3 a6 16. Be2 Nd5 17. Bc5 Rfe8 18. Bc4 Nf4 19. Rfe1 Be6 20. Bxe6 Nxe6 21. Bb6 Re7 22. Re2 Rae8 23. Rae1 f6 24. Nd2 Nf4 25. Rxe7 Rxe7 26. Rxe7 Nxe7 27. Nc4 Ned5 28. Bc5 {Braeutigam,A (1749)-Uhlmann,T (1808) Willingen 2022 ½-½ (43)}) ({RR} 13... Bd7 14. O-O O-O 15. h3 a6 16. Be2 Nd5 17. Bc5 Rfe8 18. Bc4 Nf4 19. Rfe1 Be6 20. Bxe6 Nxe6 21. Bb6 Re7 22. Re2 Rae8 23. Rae1 f6 24. Nd2 Nf4 25. Rxe7 Rxe7 26. Rxe7 Nxe7 27. Nc4 Ned5 28. Bc5 {Braeutigam,A (1749)-Uhlmann,T (1808) Willingen 2022 ½-½ (43)}) 14. O-O O-O 15. Rfd1 Rfc8 16. Nd4 Nxd4 17. Bxd4 Nd5 18. a3 h6 19. h3 Nf4 20. Be3 Nd5 21. Bd4 Nf4 22. Rac1 a6 23. Bf1 Bb3 24. Re1 Rxc1 25. Rxc1 Rd8 26. Be3 Nd5 27. Bd2 Nf6 28. Ba5 Rd5 29. Be1 Rd7 30. f3 Nd5 31. Bd2 f6 32. Kf2 Kf7 33. h4 Ne7 34. Be1 h5 35. Rc3 Be6 36. Rc5 g6 37. g3 Nf5 38. Bc3 Ne7 39. Ba5 Nc6 40. Be1 Ne5 41. Rc3 Bd5 42. Be2 Bc6 43. b3 Kg7 44. a4 Kf7 45. Re3 Rd5 46. Bc3 Rc5 47. Ke1 Rd5 48. Bb2 b5 49. axb5 Bxb5 50. Bxe5 fxe5 51. Bd1 Kf6 52. Bc2 Rc5 53. Kd2 Rd5+ 54. Kc3 Rc5+ 55. Kb2 Rd5 56. Kc1 Rc5 57. Kd2 Rd5+ 58. Ke1 Rc5 59. Be4 Rc1+ 60. Kf2 Rf1+ 61. Kg2 Rd1 62. Rc3 Rd2+ 63. Kg1 Rd1+ 64. Kg2 Rd2+ 65. Kg1 Rd6 66. Kf2 Bd7 67. Ke3 Be6 68. Bd3 Rb6 69. Bc2 a5 70. Kd2 Rd6+ 71. Ke3 Rb6 72. Ke2 Bd5 73. Kf2 Be6 74. Ke3 Bf5 75. Be4 Be6 76. Bc2 Bf5 77. Bd1 Be6 78. Bc2 1/2-1/2

[Event "56th Biel Master Open"]
[Site "Biel SUI"]
[Date "2023.07.23"]
[Round "6.1"]
[White "Aryan, C."]
[Black "Bu Xiangzhi"]
[Result "1/2-1/2"]
[WhiteElo "2626"]
[BlackElo "2676"]
[PlyCount "123"]
[EventDate "2023.07.17"]

1. c4 e6 2. Nc3 c5 3. Nf3 d5 4. cxd5 exd5 5. d4 Nc6 6. dxc5 d4 7. Na4 Bxc5 8. Nxc5 Qa5+ 9. Bd2 Qxc5 10. Rc1 Qb6 11. e3 Nf6 12. Bc4 dxe3 13. Bxe3 Qb4+ 14. Bd2 Qe7+ 15. Qe2 Qxe2+ 16. Kxe2 ({RR} 16. Bxe2 O-O 17. O-O Bg4 18. Rfd1 Rad8 19. Kf1 h6 20. h3 Be6 21. b3 a5 22. Bb5 Bd5 23. Bxc6 Bxc6 24. Bxa5 Ra8 25. Bb4 Rfe8 26. a4 Ra6 27. Nd4 Bd5 28. f3 Nh5 29. Rc5 Nf6 30. Re1 Rd8 {Aronian,L (2729)-Liang,A (2719) Saint Louis USA 2026 ½-½ (60)}) ({RR} 16. Bxe2 O-O 17. O-O Bg4 18. Rfd1 Rad8 19. Kf1 h6 20. h3 Be6 21. b3 a5 22. Bb5 Bd5 23. Bxc6 Bxc6 24. Bxa5 Ra8 25. Bb4 Rfe8 26. a4 Ra6 27. Nd4 Bd5 28. f3 Nh5 29. Rc5 Nf6 30. Re1 Rd8 {Aronian,L (2729)-Liang,A (2719) Saint Louis USA 2026 ½-½ (60)}) 16... O-O 17. h3 Ne4 $146 ({RR} 17... Be6 18. Bxe6 Rfe8 19. Rhd1 Rxe6+ 20. Be3 Kf8 21. Nd4 Nxd4+ 22. Rxd4 h6 23. Kf3 Ke8 24. Rdc4 Nd5 25. Bd4 Nb6 26. R4c3 g5 27. Re3 Kd7 28. Rxe6 fxe6 29. Kg4 Nd5 30. Kh5 Rg8 31. f3 Kd6 32. Kxh6 {Schmakel,S (2418)-Shlyakhtenko,R (2435) Los Angeles 2022 1-0 (58)}) ({RR} 17... Be6 18. Bxe6 Rfe8 19. Rhd1 Rxe6+ 20. Be3 Kf8 21. Nd4 Nxd4+ 22. Rxd4 h6 23. Kf3 Ke8 24. Rdc4 Nd5 25. Bd4 Nb6 26. R4c3 g5 27. Re3 Kd7 28. Rxe6 fxe6 29. Kg4 Nd5 30. Kh5 Rg8 31. f3 Kd6 32. Kxh6 {Schmakel,S (2418)-Shlyakhtenko,R (2435) Los Angeles 2022 1-0 (58)}) 18. Rhd1 Nxd2 19. Rxd2 Re8+ 20. Kf1 Rd8 21. Rxd8+ Nxd8 22. Rd1 Ne6 23. Ng5 b6 24. b3 h6 25. Nxe6 fxe6 26. Rd6 Kf7 27. Rc6 Kf6 28. Rc7 a6 29. Bd3 Rb8 30. Be4 e5 31. b4 Be6 32. a3 a5 33. f3 axb4 34. axb4 Rd8 35. Rc6 b5 36. Ke1 Ke7 37. Rc5 Bc4 38. Rxe5+ Kf6 39. Rc5 Rd7 40. Bc6 Re7+ 41. Kd1 Bf1 42. f4 Re3 43. g4 Rb3 44. g5+ hxg5 45. fxg5+ Ke7 46. Bxb5 Bxh3 47. Rc4 Rg3 48. Rc7+ Kd6 49. Rxg7 Rb3 50. g6 Rxb4 51. Bd3 Be6 52. Ra7 Rd4 53. Ke2 Ke5 54. Ra5+ Rd5 55. Ra6 Rd6 56. Ra8 Kf6 57. Ke3 Kg7 58. Ra7+ Rd7 59. Ra6 Bg8 60. Bf5 Rb7 61. Kf4 Rc7 62. Kg5 1/2-1/2

[Event "Vidit-Svidler Std 2023"]
[Site "Nagpur IND"]
[Date "2023.06.02"]
[Round "2"]
[White "Svidler, P."]
[Black "Vidit, S."]
[Result "1-0"]
[WhiteElo "2683"]
[BlackElo "2731"]
[PlyCount "77"]
[EventDate "2023.06.01"]

1. c4 e6 2. Nc3 d5 3. d4 c5 4. cxd5 exd5 5. Nf3 Nf6 6. Bg5 Be6 7. e3 c4 8. g3 ({RR} 8. Be2 Bb4 9. O-O O-O 10. Ne5 Qa5 11. Bxf6 gxf6 12. Ng4 Nd7 13. Qc2 Rad8 14. f4 Bxc3 15. bxc3 f5 16. Rab1 fxg4 17. f5 Nf6 18. fxe6 fxe6 19. Rf4 Ne4 20. Rxg4+ Kh8 21. Rxb7 Qxc3 22. Qxc3 Nxc3 {Giri,A (2768)-Abdusattorov,N (2731) chess.com INT 2023 ½-½}) ({RR} 8. Be2 Bb4 9. O-O O-O 10. Ne5 Qa5 11. Bxf6 gxf6 12. Ng4 Nd7 13. Qc2 Rad8 14. f4 Bxc3 15. bxc3 f5 16. Rab1 fxg4 17. f5 Nf6 18. fxe6 fxe6 19. Rf4 Ne4 20. Rxg4+ Kh8 21. Rxb7 Qxc3 22. Qxc3 Nxc3 {Giri,A (2768)-Abdusattorov,N (2731) chess.com INT 2023 ½-½}) 8... Bb4 9. Bg2 Bxc3+ $146 ({RR} 9... O-O 10. O-O Nbd7 11. Kh1 h6 12. Bxf6 Nxf6 13. Ng1 Re8 14. Nge2 a6 15. a3 Bxc3 16. bxc3 Bf5 17. a4 b5 18. Re1 Be4 19. f3 Bh7 20. Ng1 Qb6 21. axb5 axb5 22. Rxa8 Rxa8 23. e4 b4 24. e5 {Fiorito,J (2409)-Rietze,C (2343) chess.com INT 2024 1-0 (47)}) ({RR} 9... Nbd7 10. O-O Bxc3 11. bxc3 Qa5 12. Bxf6 Nxf6 13. Ne5 O-O 14. Qc2 g6 15. f3 Nd7 16. Nxd7 Bxd7 17. e4 b5 18. a3 f5 19. exf5 Bxf5 20. Qb2 Rae8 21. Rfe1 Qb6 22. f4 Be4 23. Bxe4 Rxe4 24. Rxe4 {Zhao Jun (2536)-Bai,J (2599) Shaoxing CHN 2026 ½-½ (36)}) ({RR} 9... O-O 10. O-O Nbd7 11. Kh1 h6 12. Bxf6 Nxf6 13. Ng1 Re8 14. Nge2 a6 15. a3 Bxc3 16. bxc3 Bf5 17. a4 b5 18. Re1 Be4 19. f3 Bh7 20. Ng1 Qb6 21. axb5 axb5 22. Rxa8 Rxa8 23. e4 b4 24. e5 {Fiorito,J (2409)-Rietze,C (2343) chess.com INT 2024 1-0 (47)}) ({RR} 9... Nbd7 10. O-O Bxc3 11. bxc3 Qa5 12. Bxf6 Nxf6 13. Ne5 O-O 14. Qc2 g6 15. f3 Nd7 16. Nxd7 Bxd7 17. e4 b5 18. a3 f5 19. exf5 Bxf5 20. Qb2 Rae8 21. Rfe1 Qb6 22. f4 Be4 23. Bxe4 Rxe4 24. Rxe4 {Zhao Jun (2536)-Bai,J (2599) Shaoxing CHN 2026 ½-½ (36)}) 10. bxc3 Qa5 11. Bxf6 Qxc3+ 12. Nd2 gxf6 13. O-O Nc6 14. Rc1 Qd3 15. e4 O-O-O 16. exd5 Bxd5 17. Nxc4 Qxd1 18. Rfxd1 Kb8 19. Ne3 Bxg2 20. Kxg2 Nxd4 21. Ng4 Rd6 22. Nxf6 Rxf6 23. Rxd4 Rc8 24. Rxc8+ Kxc8 25. g4 Kc7 26. g5 Rg6 27. h4 h6 28. f4 hxg5 29. fxg5 f6 30. Kg3 fxg5 31. h5 Rg8 32. Kg4 Kc6 33. h6 b5 34. Kh5 a5 35. h7 Rb8 36. Rg4 b4 37. Rxg5 Rh8 38. Kg6 a4 39. Kg7 1-0

[Event "chess.com SpeedChess 2023"]
[Site "chess.com INT"]
[Date "2023.09.15"]
[Round "2.26"]
[White "Vachier Lagrave, M."]
[Black "Nihal, Sarin"]
[Result "1-0"]
[WhiteElo "2727"]
[BlackElo "2694"]
[PlyCount "69"]
[EventDate "2023.09.04"]

1. d4 Nf6 2. Nf3 d5 3. c4 e6 4. Nc3 c5 5. cxd5 exd5 6. Bg5 Be6 7. e3 c4 8. Be2 Bb4 9. O-O Nbd7 10. Ne5 O-O 11. f4 Bxc3 12. bxc3 Bf5 13. Bf3 Qa5 14. g4 Bd3 15. Nxd3 cxd3 16. Qxd3 Rac8 17. Rfc1 Rfe8 18. Rab1 $146 ({RR} 18. Bh4 Ne4 19. Be1 Nb6 20. Rab1 Nc4 21. Bxe4 Rxe4 22. Bf2 b6 23. Re1 Rce8 24. Re2 Qa4 25. h3 h5 26. gxh5 Qd7 27. Kh2 Qf5 28. Rg1 Rxf4 29. exf4 Qxd3 30. Rxe8+ Kh7 31. h6 g6 32. Re7 Nd6 {Vachier Lagrave,M (2727)-Nihal,S (2694) chess.com INT 2023 1-0 (37)}) ({RR} 18. Bh4 Ne4 19. Be1 Nb6 20. Rab1 Nc4 21. Bxe4 Rxe4 22. Bf2 b6 23. Re1 Rce8 24. Re2 Qa4 25. h3 h5 26. gxh5 Qd7 27. Kh2 Qf5 28. Rg1 Rxf4 29. exf4 Qxd3 30. Rxe8+ Kh7 31. h6 g6 32. Re7 Nd6 {Vachier Lagrave,M (2727)-Nihal,S (2694) chess.com INT 2023 1-0 (37)}) 18... b6 19. Bh4 Ne4 20. Be1 Ndf6 21. g5 Nd7 22. Qb5 Nf8 23. Qxa5 bxa5 24. Rb5 Nd6 25. Rxa5 Rxe3 26. Bxd5 Ng6 27. Bg3 h5 28. gxh6 gxh6 29. Ra6 Rd8 30. f5 Nxf5 31. Rxg6+ Kh7 32. Bxf7 Rf8 33. Rf6 Nxg3 34. hxg3 Rxg3+ 35. Kh2 1-0

[Event "19th Moscow Stars Prelim"]
[Site "Moscow RUS"]
[Date "2023.07.22"]
[Round "4.2"]
[White "Tomashevsky, E."]
[Black "Grischuk, A."]
[Result "1/2-1/2"]
[WhiteElo "2694"]
[BlackElo "2736"]
[PlyCount "51"]
[EventDate "2023.07.21"]

1. c4 e6 2. Nc3 c5 3. Nf3 Nf6 4. g3 d5 5. cxd5 exd5 6. d4 Nc6 7. Bg2 cxd4 8. Nxd4 Bc5 9. Nb3 Bb6 10. O-O d4 11. Na4 O-O 12. Bg5 Re8 13. Re1 h6 14. Bxf6 Qxf6 15. Nxb6 axb6 16. Bxc6 bxc6 17. Qxd4 Qd8 18. Qxd8 Rxd8 19. Red1 Rxd1+ 20. Rxd1 Be6 21. Nc1 Bxa2 22. Nxa2 Rxa2 23. Rd8+ Kh7 24. Rd6 Rxb2 25. Rxc6 Rxe2 26. Rxb6 1/2-1/2

[Event "Titled Tue 18th Apr Early"]
[Site "chess.com INT"]
[Date "2023.04.18"]
[Round "6"]
[White "Kovalenko, I."]
[Black "Deac, Bogdan-Daniel"]
[Result "1-0"]
[WhiteElo "2674"]
[BlackElo "2700"]
[PlyCount "133"]
[EventDate "2023.04.18"]

1. c4 Nf6 2. Nc3 c5 3. Nf3 Nc6 4. g3 e6 5. Bg2 d5 6. cxd5 exd5 7. d4 cxd4 8. Nxd4 Bc5 9. Nb3 Bb6 10. O-O d4 11. Na4 O-O 12. Bg5 Re8 13. Re1 h6 14. Bxf6 Qxf6 15. Nxb6 axb6 16. Bxc6 bxc6 17. Qxd4 Qd8 18. a3 Qc7 ({RR} 18... Be6 19. Qc3 c5 20. Rad1 Qe7 21. Nd2 ({RR} 21. Nc1 h5 22. Nd3 h4 23. Nf4 Ra4 24. Qe5 hxg3 25. hxg3 f6 26. Qxe6+ Qxe6 27. Nxe6 Rxe6) ({RR} 21. Nc1 h5 22. Nd3 h4 23. Nf4 Ra4 24. Qe5 hxg3 25. hxg3 f6 26. Qxe6+ Qxe6 27. Nxe6 Rxe6) 21... Ra4 22. Nf1 Bh3 23. Ne3 Re4 24. Rd2 Qb7 25. Nd5 R8e5 26. f3 Rd4 27. Nf4 Rxd2 28. Qxd2 Bd7 29. Qd6 Re8 30. Rd1 Bc6 31. Kf2 Kh7 32. Rd3 Qc8 33. Rd2 {Ramirez,C (2135)-Castro Lombana,J (1964) Cali 2025 1-0 (57)}) ({RR} 18... Be6 19. Qc3 c5 20. Rad1 Qe7 21. Nd2 Ra4 22. Nf1 Bh3 23. Ne3 Re4 24. Rd2 Qb7 25. Nd5 R8e5 26. f3 Rd4 27. Nf4 Rxd2 28. Qxd2 Bd7 29. Qd6 Re8 30. Rd1 Bc6 31. Kf2 Kh7 32. Rd3 Qc8 33. Rd2 {Ramirez,C (2135)-Castro Lombana,J (1964) Cali 2025 1-0 (57)}) 19. Rad1 c5 20. Qd6 Qb7 21. Nd2 $146 ({RR} 21. Nc1 Bh3 22. Qd5 Qe7 23. Nd3 Rad8 24. Qh5 Qd7 25. f3 Be6 26. Nf2 Qb5 27. Rxd8 Rxd8 28. Qe5 Rd2 29. Nd3 Qb3 30. Qc3 Qxc3 31. bxc3 Ra2 32. Rb1 Bc4 33. Rxb6 Bxd3 34. exd3 Rxa3 {½-½ (34) Andreikin,D (2729)-Deac,B (2700) chess.com INT 2023}) ({RR} 21. Nc1 Bh3 22. Qd5 Qe7 23. Nd3 Rad8 24. Qh5 Qd7 25. f3 Be6 26. Nf2 Qb5 27. Rxd8 Rxd8 28. Qe5 Rd2 29. Nd3 Qb3 30. Qc3 Qxc3 31. bxc3 Ra2 32. Rb1 Bc4 33. Rxb6 Bxd3 34. exd3 Rxa3 {½-½ (34) Andreikin,D (2729)-Deac,B (2700) chess.com INT 2023}) 21... Bh3 22. Nf3 Ra4 23. Qd5 Qc7 24. Nd2 Rd4 25. Qb3 Qc6 26. f3 Red8 27. Nf1 Qd6 28. Rxd4 Qxd4+ 29. Ne3 Re8 30. Kf2 c4 31. Qc3 Qc5 32. Rd1 b5 33. Qd4 Qh5 34. Qd5 Re5 35. Qd8+ Kh7 36. Qh4 Qxh4 37. gxh4 Be6 38. Rd4 Rc5 39. Nd1 b4 40. axb4 Rb5 41. Nc3 Rxb4 42. Rd2 Kg6 43. e4 Kh5 44. Kg3 g5 45. hxg5 hxg5 46. Ne2 Rb6 47. Nd4 Rd6 48. f4 gxf4+ 49. Kxf4 Rb6 50. Nxe6 fxe6 51. Ke5 Kg4 52. Rg2+ Kf3 53. Rc2 Ke3 54. h4 Kd3 55. Rh2 Rb5+ 56. Kxe6 Kxe4 57. h5 Rb6+ 58. Kf7 Rb7+ 59. Kg6 Rb6+ 60. Kg5 Rb5+ 61. Kg4 Rb8 62. h6 Rg8+ 63. Kh5 Kf5 64. Rf2+ Ke6 65. h7 Rh8 66. Kg6 Rc8 67. Re2+ 1-0